Laboratory anatomy of the shark / (Record no. 73789)
[ view plain ]
| 000 -LEADER | |
|---|---|
| fixed length control field | 00818nam a2200253 a 4500 |
| 001 - CONTROL NUMBER | |
| control field | 73789 |
| 003 - CONTROL NUMBER IDENTIFIER | |
| rucl marc code | BD-RjUL |
| 005 - DATE AND TIME OF LATEST TRANSACTION | |
| control field | 20211209082439.0 |
| 008 - FIXED-LENGTH DATA ELEMENTS--GENERAL INFORMATION | |
| fixed length control field | 170611s1950 iaua 000 0 eng d |
| 035 ## - SYSTEM CONTROL NUMBER | |
| System control number | (BD-RjUL)74007 |
| 040 ## - CATALOGING SOURCE | |
| Original cataloging agency | DLC |
| Transcribing agency | DLC |
| Modifying agency | DLC |
| -- | BD-RjUL |
| Language of cataloging | eng |
| 041 ## - LANGUAGE CODE | |
| Language code of text/sound track or separate title | eng |
| 082 00 - DEWEY DECIMAL CLASSIFICATION NUMBER | |
| Edition number | 23 |
| Classification number | 597.3 |
| Author mark and year | ASL 1950 |
| 100 1# - MAIN ENTRY--PERSONAL NAME | |
| Personal name | Ashley, Laurence M. |
| Fuller form of name | (Laurence Marvin) |
| 9 (RLIN) | 218486 |
| 245 10 - TITLE STATEMENT | |
| Title | Laboratory anatomy of the shark / |
| Statement of responsibility, etc. | Laurence M. Ashley. |
| 260 ## - PUBLICATION, DISTRIBUTION, ETC. (IMPRINT) | |
| Place of publication, distribution, etc. | Dubuque, Iowa : |
| Name of publisher, distributor, etc. | W.C. Brown Co. Publishers, |
| Date of publication, distribution, etc. | c1950. |
| 300 ## - PHYSICAL DESCRIPTION | |
| Pagination | vii, 40 p. : |
| Illustrations | ill. (some col.) ; |
| Size | 28 cm. |
| 650 #0 - SUBJECT ADDED ENTRY--TOPICAL TERM | |
| Topical term or geographic name as entry element | Sharks |
| 9 (RLIN) | 218488 |
| Topical term or geographic name as entry element | Sharks |
| General subdivision | Laboratory manual |
| 9 (RLIN) | 218489 |
| 830 ## - SERIES ADDED ENTRY--UNIFORM TITLE | |
| Uniform title | Booth laboratory anatomy series |
| 942 ## - ADDED ENTRY ELEMENTS (KOHA) | |
| Source of classification or shelving scheme | Dewey Decimal Classification |
| Koha item type | Books |
| Lost status | Source of classification or shelving scheme | Damaged status | Not for loan | Collection code | Permanent Location | Current Location | Shelving location | Date acquired | Source of acquisition | Total Checkouts | Full call number | Date last seen | Copy number | Koha item type |
|---|---|---|---|---|---|---|---|---|---|---|---|---|---|---|
| Dewey Decimal Classification | Not For Loan | Non-fiction | Central Library, University of Rajshahi | Central Library, University of Rajshahi | Reading Room | 13/08/1991 | Canada | 597.3 ASL 1950 | 11/06/2017 | C-1 | Books |